000 00335nam a2200133Ia 4500
005 20260326235458.0
008 260326s9999||||xx |||||||||||||| ||und||
100 _aGasparini, Graziano
245 0 _aInca Architecture /
_cGraziano Gasparini
260 _bIndiana University Press
300 _a350 p.
650 _aHISTORIA
942 _cBK
999 _c8008
_d8008